| 000 | 00911cam a22002535a 4500 | ||
|---|---|---|---|
| 001 | E149224 | ||
| 008 | 100208s2010 xxko f 000 0 eng d | ||
| 020 | _a9781848061194 | ||
| 035 | _a(Sirsi) u149224 | ||
| 041 | 0 | _aeng | |
| 050 | 0 | 4 | _a690.24 $2 18 |
| 100 | 1 | _aKing, Colin | |
| 245 | 0 | 0 | _aSustainable refurbishment of non-traditional housing and pre-1920s solid wall housing |
| 260 |
_aWatford _bBRE _c2010 |
||
| 300 |
_a12p. _bill. _c30cm. |
||
| 490 | 0 |
_aBRE Information Paper _v(3/10) |
|
| 520 | _aLooks at ways in which the energy performance of non-traditional housing types such as No Fines and Cornish can be improved during refurbishment work through the use of a 'whole house' approach. | ||
| 521 | _aAdvanced | ||
| 590 | _aKA | ||
| 651 | 4 |
_aUnited Kingdom _y |
|
| 690 | _aENVIRONMENTAL AND LAND CONSULTANCY-ENERGY-ENERGY USE-ENERGY EFFICIENCY | ||
| 700 | 1 | _aWeeks, Caroline | |
| 942 | _n0 | ||
| 999 |
_c110428 _d110428 |
||